| 000 | 00972nam a22002055i 4500 | ||
|---|---|---|---|
| 001 | 166821 | ||
| 003 | ES-MaACL | ||
| 005 | 20250731030202.0 | ||
| 008 | 050919s1879 sp | |||||||| ||spa d | ||
| 040 |
_aCAM _bspa _cCAM |
||
| 100 | 1 |
_aUtor, Luis María. _9133471 |
|
| 245 | 1 | 0 |
_aNecesidad de devolver al suelo los principales nutritivos que las plantas extraen de él en cada cosecha para conservar su fertilidad _b: conferencia agrícola pronunciada el 4 de mayo de 1879 / _cpor Luis María de Utor. |
| 260 |
_aMadrid : _b[s.n., _cs.a.] ( _fImprenta y fundicion de la viuda é hijos de García) |
||
| 300 |
_a34 p. ; _c18 cm. |
||
| 650 | 7 |
_aAgricultura _2embne _99670 |
|
| 852 |
_aES-MaACL _jT-645-F-6 _z-- Enc. hol. conservando la cub. original _z-- Enc. en un vol. facticio _cDEPOF |
||
| 852 |
_aES-MaACL _jT-1307-F-2 _z-- Enc. hol. conservando la cub. original _z-- Donativo Bosch _z-- Enc. en un vol. facticio |
||
| 942 | _2udc | ||
| 999 |
_c166821 _d166821 |
||